<?xml version="1.0" encoding="UTF-8"?><marc:collection xmlns:marc="http://www.loc.gov/MARC21/slim">
  <marc:record>
    <marc:leader>00000nam##2200000za#4500</marc:leader>
    <marc:controlfield tag="001">9.661780</marc:controlfield>
    <marc:controlfield tag="003">CaOODSP</marc:controlfield>
    <marc:controlfield tag="005">20210615120227</marc:controlfield>
    <marc:controlfield tag="007">ta</marc:controlfield>
    <marc:controlfield tag="008">150407|2000||||xxc|||||     f|0| 0 fre|d</marc:controlfield>
    <marc:datafield tag="020" ind1=" " ind2=" ">
      <marc:subfield code="a">0-662-64903-6</marc:subfield>
    </marc:datafield>
    <marc:datafield tag="040" ind1=" " ind2=" ">
      <marc:subfield code="a">CaOODSP</marc:subfield>
      <marc:subfield code="b">fre</marc:subfield>
    </marc:datafield>
    <marc:datafield tag="041" ind1=" " ind2=" ">
      <marc:subfield code="a">eng</marc:subfield>
    </marc:datafield>
    <marc:datafield tag="041" ind1=" " ind2=" ">
      <marc:subfield code="a">fre</marc:subfield>
    </marc:datafield>
    <marc:datafield tag="043" ind1=" " ind2=" ">
      <marc:subfield code="a">n-cn---</marc:subfield>
    </marc:datafield>
    <marc:datafield tag="086" ind1="1" ind2=" ">
      <marc:subfield code="a">Ci63-18/2000</marc:subfield>
    </marc:datafield>
    <marc:datafield tag="110" ind1="1" ind2=" ">
      <marc:subfield code="a">Canada. </marc:subfield>
      <marc:subfield code="b">Citoyenneté et immigration Canada.</marc:subfield>
    </marc:datafield>
    <marc:datafield tag="245" ind1="1" ind2="0">
      <marc:subfield code="a">Processus d'immigration en adoption internationale </marc:subfield>
    </marc:datafield>
    <marc:datafield tag="260" ind1=" " ind2=" ">
      <marc:subfield code="a">Ottawa - Ontario : </marc:subfield>
      <marc:subfield code="b">Citoyenneté et Immigration Canada </marc:subfield>
      <marc:subfield code="c">2000.</marc:subfield>
    </marc:datafield>
    <marc:datafield tag="300" ind1=" " ind2=" ">
      <marc:subfield code="a">Texte français, 19p. ; </marc:subfield>
      <marc:subfield code="c">22 cm. + </marc:subfield>
      <marc:subfield code="e">la liste de pays qui ont mis en oeuvre la Convention de la Haye sur l'adoption internationale.</marc:subfield>
    </marc:datafield>
    <marc:datafield tag="500" ind1=" " ind2=" ">
      <marc:subfield code="a">Cette brochure sert de guide relativement au processus d'adoption internationale et à l'admission au Canada d'enfants adoptés. Elle renseigne sur les étapes et les procédures de base à suivre. Elle expose d'abord les grandes lignes de l'adoption et de l'immigration, puis les différentes étapes du processus. «Cette brochure sert de guide relativement au processus d'adoption internationale et à l'admission au Canada d'enfants adoptés. Elle renseigne sur les étapes et les procédures de base à suivre. Elle expose d'abord les grandes lignes de l'adoption et de l'immigration, puis les différentes étapes du processus.»--Page 1.</marc:subfield>
    </marc:datafield>
    <marc:datafield tag="520" ind1="3" ind2=" ">
      <marc:subfield code="a">Cette brochure sert de guide relativement au processus d'adoption internationale et à l'admission au Canada d'enfants adoptés. Elle renseigne sur les étapes et les procédures de base à suivre. Elle expose d'abord les grandes lignes de l'adoption et de l'immigration, puis les différentes étapes du processus.</marc:subfield>
    </marc:datafield>
    <marc:datafield tag="546" ind1=" " ind2=" ">
      <marc:subfield code="a">Bilingue</marc:subfield>
    </marc:datafield>
    <marc:datafield tag="563" ind1=" " ind2=" ">
      <marc:subfield code="a">Couverture souple</marc:subfield>
    </marc:datafield>
    <marc:datafield tag="590" ind1=" " ind2=" ">
      <marc:subfield code="a">00-17</marc:subfield>
      <marc:subfield code="b">2000-04-28</marc:subfield>
    </marc:datafield>
    <marc:datafield tag="691" ind1="0" ind2="7">
      <marc:subfield code="a">Adoption internationale</marc:subfield>
      <marc:subfield code="2">gcpds</marc:subfield>
    </marc:datafield>
    <marc:datafield tag="691" ind1="0" ind2="7">
      <marc:subfield code="a">Immigration</marc:subfield>
      <marc:subfield code="2">gcpds</marc:subfield>
    </marc:datafield>
    <marc:datafield tag="776" ind1="0" ind2="#">
      <marc:subfield code="t">Processus d'immigration en adoption internationale / </marc:subfield>
      <marc:subfield code="w">(CaOODSP)9.639761</marc:subfield>
    </marc:datafield>
    <marc:datafield tag="776" ind1="0" ind2="#">
      <marc:subfield code="t">International adoption and the immigration process / </marc:subfield>
      <marc:subfield code="w">(CaOODSP)9.695629</marc:subfield>
    </marc:datafield>
    <marc:datafield tag="791" ind1=" " ind2=" ">
      <marc:subfield code="t">International adoption and the immigration process </marc:subfield>
      <marc:subfield code="e">eng</marc:subfield>
      <marc:subfield code="w">(CaOODSP)9.661779</marc:subfield>
    </marc:datafield>
    <marc:datafield tag="986" ind1=" " ind2=" ">
      <marc:subfield code="a">C&amp;I-387-03-00</marc:subfield>
    </marc:datafield>
  </marc:record>
</marc:collection>
